Evaluation of cost effectiveness in health care
Analýza výdavkov na zdravotníctvo vo vybraných krajinách.
Salvato in:
| Autore principale: | |
|---|---|
| Natura: | Capitolo di libro |
| Lingua: | inglese |
| Soggetti: | |
| Tags: |
Nessun Tag, puoi essere il primo ad aggiungerne!!
|
MARC
| LEADER | 00000naa a2200000 4500 | ||
|---|---|---|---|
| 001 | 0149298 | ||
| 005 | 20231204130522.8 | ||
| 041 | 0 | |a eng | |
| 044 | |a SK | ||
| 245 | 1 | 0 | |a Evaluation of cost effectiveness in health care |c Alena Maaytová |
| 520 | |a Analýza výdavkov na zdravotníctvo vo vybraných krajinách. | ||
| 610 | 2 | 0 | |a výdavky |
| 610 | 2 | 0 | |a produkt domáci hrubý |
| 610 | 2 | 0 | |a analýza ekonomická |
| 610 | 2 | 0 | |a zdravotníctvo |
| 100 | 1 | |a Maaytová, Alena | |